[Event "CZE-chT2 9798"]
[Site "CZE"]
[Date "1998.??.??"]
[Round "9.4"]
[White "Vodicka, Vlastimil"]
[Black "Hadraba, Vladimir"]
[Result "1-0"]
[WhiteElo "2210"]
[BlackElo "2250"]

1.Nf3 Nf6 2.d4 g6 3.c4 Bg7 4.Nc3 O-O 5.e4 d6 6.Be2 Nbd7 7.O-O e5 8.Re1 c6
9.Bf1 Re8 10.d5 c5 11.a3 Kh8 12.b4 Ng8 13.Rb1 a6 14.g3 Bh6 15.Bh3 Bxc1 16.Qxc1 cxb4
17.axb4 Nb6 18.Bf1 a5 19.Nb5 axb4 20.c5 dxc5 21.Qxc5 Nd7 22.Qxb4 Rf8 23.Nd6 Qf6
24.Re3 Rd8 25.Bh3 Ne7 26.Ng5 Kg7 27.Ndxf7 Ra2 28.Rf3  1-0

[Event "Moravia-chT 9798"]
[Site "CZE"]
[Date "1998.??.??"]
[Round "9.5"]
[White "Antoshik, Alois"]
[Black "Zatloukal, Petr"]
[Result "0-1"]
[WhiteElo "2240"]
[BlackElo "2135"]

1.d4 Nf6 2.c4 g6 3.Nc3 Bg7 4.Nf3 O-O 5.e4 d6 6.Be2 Nbd7 7.O-O e5 8.d5 Nc5
9.Qc2 a5 10.Ne1 Ne8 11.Be3 f5 12.f3 Bd7 13.Nd3 b6 14.a3 Nxd3 15.Bxd3 a4 16.b4 axb3
17.Qxb3 f4 18.Bd2 g5 19.Be2 h5 20.Qd1 Nf6 21.a4 g4 22.Be1 g3 23.hxg3 fxg3
24.Bxg3 Nh7 25.Qd2 Qf6 26.Nb5 Qg6 27.Qe1 Bxb5 28.cxb5 Bh6 29.Bd1 Rf7 30.Ra2 Rg7
31.Bh2 Rf8 32.Kh1 Bf4 33.Bxf4 Rxf4 34.a5 bxa5 35.Qxa5 Qg3 36.Qa8+ Kf7 37.Rff2 Ng5
38.Qc8 Rh4+ 39.Kg1 Nh3+ 40.Kf1 Nf4 41.Qd7+ Kf6  0-1

[Event "POL-ch sf"]
[Site "Czestochowa"]
[Date "1998.??.??"]
[Round "1"]
[White "Helis, Tadeusz"]
[Black "Socko, Bartosz"]
[Result "1/2-1/2"]
[WhiteElo "2265"]
[BlackElo "2475"]

1.d4 Nf6 2.Nf3 g6 3.c4 Bg7 4.Nc3 d6 5.e4 O-O 6.Be2 e5 7.dxe5 dxe5 8.Qxd8 Rxd8
9.Bg5 Rf8 10.Nxe5 Nxe4 11.Nxe4 Bxe5 12.Bf6 Re8 13.Bxe5 Rxe5 14.O-O-O Rxe4
15.Rd8+ Kg7 16.Bd3 Nc6 17.Rxc8 Rxc4+ 18.Bxc4 Rxc8 19.Bd5 Nd8 20.Rd1 c6 21.Bb3 Kf8
22.Rd7 Ke8 23.Rd4 Rc7 24.Rh4 h5 25.f4 Re7 26.f5 Re1+ 27.Kd2 Rg1 28.g3 gxf5
29.Rxh5 Ke7 30.Kc3 Rg2 31.Rxf5 Rxh2 32.Rf3 Ne6 33.a4 Ng5 34.Re3+ Kd6 35.Bc4 Rg2
36.Bd3 Rf2 37.Be2 Ne6 38.Bf3 b6 39.Rd3+ Kc7 40.b4 c5 41.bxc5 bxc5 42.Re3 Kd6
43.Be4 Nd4 44.Bd3 f6 45.Re8 Rf3 46.g4 Nc6 47.Kd2 Ne5 48.Bf5 c4 49.Ra8 Rg3
50.Rxa7 Kc5 51.Ra8 Rg2+ 52.Kc3 Rg3+ 53.Kd2 Nc6 54.a5 c3+ 55.Ke1 Rg1+ 56.Kf2 Rxg4
57.Bxg4 c2 58.Rc8 c1=Q 59.Bf3 Qd2+ 60.Kg3 Qe1+ 61.Kg2 Qxa5 62.Rxc6+ Kd4 63.Rd6+ Ke3
64.Re6+ Kd3 65.Rd6+ Kc4 66.Rd5 Qe1 67.Rd1 Qh4 68.Rd5 Qf4 69.Kf2 f5 70.Kg2 Kc3
71.Kf2 Kb4 72.Kg2 Kc4 73.Kf2 Qg5 74.Ke2 Qe7+ 75.Kf2 f4 76.Rd1 Kc3 77.Be2 Qh4+
78.Kf1 Kb4 79.Rd3 Kc5 80.Rc3+ Kd4 81.Rc4+ Ke5 82.Rc5+ Ke6 83.Rc3 Qh1+ 84.Kf2 Qh2+
85.Kf1 Kd5 86.Rb3 Qh1+ 87.Kf2 Qh4+ 88.Kf1 Qf6 89.Ra3 Kc5 90.Rd3 Qh4 91.Rc3+ Kd4
92.Rc4+ Kd5 93.Rc3 Qe7 94.Rd3+ Ke4 95.Rc3 Qa7 96.Rd3 Ke5 97.Rf3 Qa1+ 98.Kf2 Qd4+
99.Kf1 Ke4 100.Rd3 Qh8 101.Kg2 Qa1  1/2-1/2

[Event "POL-ch sf"]
[Site "Czestochowa"]
[Date "1998.??.??"]
[Round "1"]
[White "Ehrenfeucht, Wojciech"]
[Black "Banasik, Henryk"]
[Result "1-0"]
[WhiteElo "2335"]
[BlackElo "2165"]

1.Nf3 Nf6 2.c4 g6 3.Nc3 Bg7 4.e4 d6 5.Be2 O-O 6.O-O e5 7.d4 Nbd7 8.Qc2 exd4
9.Nxd4 Re8 10.Be3 Nc5 11.f3 a5 12.Rad1 Qe7 13.Ndb5 Na6 14.Bg5 Be6 15.Qd2 Qf8
16.f4 Bd7 17.e5 Ng4 18.h3 h6 19.Bh4 g5 20.Be1 Nxe5 21.fxe5 Bxe5 22.Bf3 Bf4
23.Qc2 c6 24.Nd4 Re5 25.Bd2 Bxd2 26.Qxd2 Nc5 27.Nb3 Be6 28.Nxc5 dxc5 29.b3 Qg7
30.Na4 Re8 31.Rfe1 f5 32.Qd6 Rxe1+ 33.Rxe1 Qd4+ 34.Qxd4 cxd4 35.Bh5 Re7 36.Nc5 d3
37.Rxe6 Rxe6 38.Nxe6  1-0

[Event "POL-ch sf (Women)"]
[Site "Czestochowa"]
[Date "1998.??.??"]
[Round "10"]
[White "Zielinska, Marta"]
[Black "Blimke, Dalia"]
[Result "0-1"]
[WhiteElo "2350"]
[BlackElo "2195"]

1.d4 Nf6 2.c4 g6 3.Nc3 Bg7 4.e4 d6 5.Nf3 O-O 6.Be2 e5 7.d5 a5 8.Bg5 h6 9.Bh4 Na6
10.Nd2 Qe8 11.O-O Nh7 12.a3 Bd7 13.b3 h5 14.f3 Bh6 15.Kh1 Be3 16.Rb1 f5 17.exf5 gxf5
18.f4 exf4 19.Bxh5 Qe5 20.Qc2 Qg7 21.Bf3 Nf6 22.Bf2 Rae8 23.Rbe1 Nc5 24.b4 axb4
25.axb4 Bxf2 26.Rxe8 Rxe8 27.Rxf2 Nfe4 28.Bxe4 Nxe4 29.Ndxe4 Rxe4 30.Qd2 Rxc4
31.Rf3 Rxb4 32.h3 Qe5 33.Kh2 Be8 34.Kh1 Bh5 35.Rd3 Kh7 36.Qf2 Rb3 37.Qc2 Ra3
38.Qc1 Ra5 39.Nb1 Rc5 40.Rc3 Qxd5 41.Rxc5 dxc5 42.Nc3 Qe5 43.Qd2 f3  0-1

[Event "Decin op-A"]
[Site "Decin"]
[Date "1998.??.??"]
[Round "1"]
[White "Hrbolka, Ladislav"]
[Black "Odesskij, Ilia"]
[Result "1/2-1/2"]
[WhiteElo "2185"]
[BlackElo "2430"]

1.d4 d6 2.Nf3 Nf6 3.c4 g6 4.Nc3 Bg7 5.e4 O-O 6.Be2 e5 7.O-O exd4 8.Nxd4 Re8
9.f3 Nc6 10.Be3 Nh5 11.Nxc6 bxc6 12.Qd2 Qe7 13.Rae1 f5 14.Bg5 Qe5 15.exf5 Qd4+
16.Kh1 gxf5 17.Bd3 Bd7 18.Bc2 Rab8 19.Rxe8+ Bxe8 20.Qxd4 Bxd4 21.Bc1 f4 22.Rd1 Bxc3
23.bxc3 Bf7 24.Bd3 Bg6 25.Bf1 Rb1 26.Kg1 Ra1 27.a3 Rb1 28.Kf2 Rb3 29.g4 fxg3+
30.hxg3 Rxc3 31.g4 Nf6 32.Be2 Nd7 33.Bb2 Rc2 34.Bd4 c5 35.Be3 Bf7 36.Rd2 Rc3
37.Bg5 Bxc4 38.Bxc4+ Rxc4 39.Bd8  1/2-1/2

[Event "Decin op-A"]
[Site "Decin"]
[Date "1998.??.??"]
[Round "1"]
[White "Bazilevitch, Jurij"]
[Black "Neumann, Peter"]
[Result "0-1"]
[WhiteElo "2075"]
[BlackElo "2360"]

1.d4 Nf6 2.c4 g6 3.Nc3 Bg7 4.e4 d6 5.Nf3 O-O 6.Be2 e5 7.dxe5 dxe5 8.Qxd8 Rxd8
9.Bg5 c6 10.h3 h6 11.Bh4 Re8 12.g4 Nbd7 13.Bd3 h5 14.g5 Nh7 15.a3 Nc5 16.Bc2 Ne6
17.Rd1 Nf4 18.Ng1 Ng2+ 19.Ke2 Nxh4  0-1

[Event "Decin op-A"]
[Site "Decin"]
[Date "1998.??.??"]
[Round "5"]
[White "Neumann, Peter"]
[Black "Lymar, Irina"]
[Result "0-1"]
[WhiteElo "2360"]
[BlackElo "2225"]

1.d4 Nf6 2.c4 d6 3.Nc3 Nbd7 4.e4 e5 5.Nf3 g6 6.Be2 Bg7 7.O-O O-O 8.Be3 Qe7
9.d5 Ng4 10.Bg5 f6 11.Bh4 Rf7 12.Nd2 Nh6 13.f3 Bf8 14.b4 Qe8 15.Bf2 f5 16.g4 fxg4
17.fxg4 Qd8 18.h3 Be7 19.Nf3 Rg7 20.Be3 Nf7 21.Qd2 Nf8 22.Kh2 g5 23.Bd3 Ng6
24.Ne2 Nf4 25.Ng3 Bd7 26.Rg1 Qc8 27.Nf5 Bxf5 28.gxf5 Bf6 29.Bf1 h5 30.Ne1 g4
31.hxg4 hxg4 32.Kg3 Ng5 33.Qc2 Qe8 34.Rh1 Ngh3 35.Bxh3 gxh3+ 36.Kh2 Ng2 37.Qe2 Nxe3
38.Qxe3 Qh5 39.Rg1 Bg5 40.Qf3 Bf4+ 41.Kh1 Rxg1+ 42.Kxg1 Qg5+ 43.Kf1 Be3 44.Ke2 h2
45.Nd3 Bg1 46.Nf2 Kf7 47.Nh1 Rg8 48.Kf1 Qh4 49.Ke2 Bd4 50.Rf1 Rg1 51.Kd3 Kf6
52.a4 Qg5 53.Ke2 Rg2+  0-1

[Event "Decin op-A"]
[Site "Decin"]
[Date "1998.??.??"]
[Round "5"]
[White "Gutman, Gennadi"]
[Black "Krapivin, Vladislav"]
[Result "1/2-1/2"]
[WhiteElo "2415"]
[BlackElo "2375"]

1.d4 Nf6 2.Nf3 d6 3.c4 g6 4.Nc3 Bg7 5.e4 O-O 6.Be2 e5 7.Be3 exd4 8.Nxd4 Re8
9.f3 Nc6 10.O-O Nh5 11.Qd2 Nxd4 12.Bxd4 Nf4 13.Rfd1 Nxe2+ 14.Nxe2 f5 15.Ng3 Rf8
16.Bxg7 Kxg7 17.c5 Qf6 18.cxd6 cxd6 19.Rac1 Rf7 20.Qxd6 Qxb2 21.Qd8 f4 22.Nh5+ Kh6
23.Rc5 Bf5 24.Qxa8 Qb6 25.Rc1 gxh5 26.exf5  1/2-1/2

[Event "Decin op-A"]
[Site "Decin"]
[Date "1998.??.??"]
[Round "6"]
[White "Al Khateeb, Ahmed"]
[Black "Neumann, Peter"]
[Result "0-1"]
[WhiteElo "2275"]
[BlackElo "2360"]

1.d4 Nf6 2.c4 g6 3.Nc3 Bg7 4.e4 d6 5.Be2 O-O 6.Nf3 e5 7.O-O Na6 8.Bg5 h6
9.Bh4 Qe8 10.Re1 Kh8 11.Rb1 Nh7 12.dxe5 dxe5 13.Nd2 Ng5 14.Bxg5 hxg5 15.b4 b6
16.Qa4 Qxa4 17.Nxa4 Rd8 18.Red1 Bb7 19.b5 Nb8 20.Nf3 Re8 21.Nc3 f6 22.h4 g4
23.Nh2 g3 24.fxg3 Bf8 25.Nf3 Bc5+ 26.Kh2 Bd6 27.g4 Nd7 28.h5 Nc5 29.Nd2 Kg7
30.Rf1 Rh8 31.Rf2 Raf8 32.Rbf1 Ne6 33.g3 Bc5 34.Rg2 Bb4 35.Ndb1 Nd4 36.Bd1 f5
37.gxf5 gxf5 38.Rb2 Bc5 39.exf5 e4 40.Nd2 Ba3 41.Rb3 Nxb3 42.axb3 Re8 43.f6+ Kf7
44.g4 Re5 45.Kg3 Bb4 46.Ndxe4 Bxe4 47.Nxe4 Rxe4 48.g5 Bd6+ 49.Kh3 Bf4 50.Kg4 Bd2+
51.Kf5 Rhe8 52.g6+ Kf8  0-1

[Event "Decin op-A"]
[Site "Decin"]
[Date "1998.??.??"]
[Round "8"]
[White "Weglarz, Leszek"]
[Black "Karlik, Vladimir"]
[Result "1/2-1/2"]
[WhiteElo "2395"]
[BlackElo "2305"]

1.e4 g6 2.d4 Bg7 3.c4 d6 4.Nc3 Nf6 5.Nf3 O-O 6.Be2 e5 7.O-O Na6 8.Bg5 h6
9.Bh4 g5 10.Bg3 Nh5 11.d5 Nf4 12.Nd2 f5 13.exf5 Bxf5 14.Nde4 b6 15.Bg4 Bg6
16.Re1 Nc5 17.Bxf4 exf4 18.Nxc5 bxc5 19.Re6 Bf7 20.Re1 Bg6 21.Re6 Bf7 22.Re1  1/2-1/2

[Event "Decin op-A"]
[Site "Decin"]
[Date "1998.??.??"]
[Round "8"]
[White "Vyparina, Matej"]
[Black "Lymar, Vladimir"]
[Result "0-1"]
[WhiteElo "2120"]
[BlackElo "2295"]

1.c4 Nf6 2.Nc3 g6 3.d4 Bg7 4.e4 d6 5.Nf3 O-O 6.Be2 Nbd7 7.O-O e5 8.d5 Nc5
9.Qc2 a5 10.Be3 Ng4 11.Bg5 f6 12.Bh4 Bd7 13.b3 Qe8 14.Nd2 Nh6 15.a3 f5 16.f3 Nf7
17.g4 Bh6 18.Rab1 Bf4 19.b4 axb4 20.axb4 Na6 21.Kh1 fxg4 22.fxg4 Qc8 23.Rg1 c5
24.dxc6 bxc6 25.b5 Nc5 26.bxc6 Bxc6 27.Nd5 Bxd5 28.exd5 Qc7 29.Ne4 Nxe4 30.Qxe4 Ra2
31.Rb5 Qa7 32.Rf1 Qa3 33.Rf3 Qc1+ 34.Kg2 Qd2 35.Kf2 Rc2 36.h3 Rc8  0-1

[Event "Mester Aktiv Alliancen"]
[Site "Denmark"]
[Date "1998.??.??"]
[Round "3"]
[White "Kristensen, Leif"]
[Black "Petersen, Steen"]
[Result "1/2-1/2"]
[WhiteElo "2375"]
[BlackElo "2130"]

1.d4 Nf6 2.c4 g6 3.Nc3 Bg7 4.e4 d6 5.Be2 O-O 6.Nf3 e5 7.dxe5 dxe5 8.Qxd8 Rxd8
9.Bg5 Re8 10.O-O c6  1/2-1/2

[Event "Mester Aktiv Alliancen"]
[Site "Denmark"]
[Date "1998.??.??"]
[Round "4"]
[White "Nielsen, Carsten"]
[Black "Larsen, Karsten"]
[Result "1/2-1/2"]
[WhiteElo "2240"]
[BlackElo "2245"]

1.c4 Nf6 2.Nf3 d6 3.d4 g6 4.Nc3 Bg7 5.e4 O-O 6.Be2 e5 7.d5 a5 8.Bg5 h6 9.Bh4 Na6
10.O-O Qe8 11.Nd2 Bd7 12.b3 Nh7 13.f3 f5 14.a3 f4 15.Rb1 g5 16.Bf2 h5 17.b4 axb4
18.axb4 Qg6 19.c5 Nb8 20.cxd6 cxd6 21.Nc4 g4 22.Nb6 Ra3 23.Nxd7 Nxd7 24.Nb5 gxf3
25.Bxf3 Rxf3 26.Qxf3 Ng5 27.Qd3 f3 28.g3 Nh3+ 29.Kh1 Nf6 30.Rbe1 Ng4 31.Bb6 f2
32.Re2 h4 33.Nc3 Qh5 34.Nd1 Nxh2 35.Rfxf2 Nxf2+ 36.Rxf2 Ng4 37.Rxf8+ Bxf8
38.Kg1 h3 39.Qf3 Bh6 40.Nf2 h2+ 41.Kh1 Nxf2+ 42.Qxf2 Qg4 43.Qg2 Qd1+ 44.Kxh2 Qb1
45.Qf3 Qxb4 46.Qg4+  1/2-1/2

[Event "Dieren op"]
[Site "Dieren"]
[Date "1998.??.??"]
[Round "1"]
[White "Golod, Vitali"]
[Black "Konings, F."]
[Result "1-0"]
[WhiteElo "2535"]
[BlackElo "2200"]

1.d4 Nf6 2.c4 g6 3.Nc3 Bg7 4.e4 d6 5.Nf3 O-O 6.Be2 e5 7.O-O exd4 8.Nxd4 Re8
9.f3 Nc6 10.Be3 Nh5 11.f4 Nf6 12.Bf3 Bg4 13.Nde2 Be6 14.b3 Ng4 15.Bc1 Qh4
16.h3 f5 17.hxg4 Bxc3 18.Nxc3 fxg4 19.f5 g3 20.Re1 gxf5 21.Qd2 Qh2+ 22.Kf1 Ne5
23.Qg5+ Kh8 24.Qf6+ Kg8 25.Bh6 Re7 26.Qxe7 Qxh6 27.exf5 Bxf5 28.Rxe5 Bd3+
29.Ke1  1-0

[Event "Dieren op"]
[Site "Dieren"]
[Date "1998.??.??"]
[Round "4"]
[White "Konings, F."]
[Black "Van der Veen, Jan"]
[Result "1/2-1/2"]
[WhiteElo "2200"]
[BlackElo "2105"]

1.d4 Nf6 2.Nf3 g6 3.c4 Bg7 4.Nc3 O-O 5.e4 d6 6.Be2 e5 7.d5 Na6 8.Bg5 h6 9.Bh4 g5
10.Bg3 Nh5 11.Nd2 Nf4 12.O-O Nc5 13.Bg4 Nxe4 14.Ndxe4 f5 15.Be2 fxe4 16.Bg4 Bxg4
17.Qxg4 h5 18.Qd1 h4 19.Nxe4 hxg3 20.fxg3 Qe7 21.gxf4 exf4 22.Qd3 g4 23.Rae1 Be5
24.Nf2 Qg7 25.h3 gxh3 26.Nxh3 f3 27.Rxf3 Rxf3 28.Qxf3 Rf8 29.Qh5 Rf6 30.Qe8+ Kh7
31.Re4 Rh6 32.Kh1 Rf6 33.Rh4+ Rh6 34.Rxh6+ Kxh6 35.Qe6+ Qg6 36.Qxg6+ Kxg6
37.b3 Kf5 38.Kg1 a5 39.Kf2 c6 40.dxc6 bxc6 41.Kf3 Bc3 42.g4+ Ke5 43.Ke3 Bd4+
44.Kd3 Bb2 45.Ng1 Kf4 46.Ne2+ Kxg4 47.Ke4 Kg5 48.Nf4 Kf6 49.a4 Ke7 50.Kf5 d5
51.cxd5 cxd5 52.Nxd5+ Kd6 53.Nf4 Kc5 54.Nd3+ Kd4 55.Nxb2 Kc3 56.b4 Kxb4 57.Ke5 Kb3
58.Kd5 Kxb2 59.Kc5 Kc3  1/2-1/2

[Event "Dieren op"]
[Site "Dieren"]
[Date "1998.??.??"]
[Round "6"]
[White "Janssen, Ruud"]
[Black "Golod, Vitali"]
[Result "1/2-1/2"]
[WhiteElo "2290"]
[BlackElo "2535"]

1.Nf3 Nf6 2.c4 g6 3.Nc3 Bg7 4.e4 d6 5.d4 O-O 6.Be2 e5 7.O-O exd4 8.Nxd4 Re8
9.f3 Nc6 10.Be3 Nh5 11.Qd2 Nf4 12.Rfd1 Nxe2+ 13.Ncxe2 Ne5 14.Rac1 Bd7 15.b3 a6
16.Nc3 Rc8 17.Nde2 b5 18.c5 dxc5 19.Bxc5 Be6 20.Nd4 Qh4 21.Nxe6 fxe6 22.Qf2 Qxf2+
23.Kxf2 Rcd8 24.Ke2 Kf7 25.Be3 Bf8 26.Rxd8 Rxd8 27.Nd1 c5 28.Nf2 Rc8  1/2-1/2

[Event "Dieren op"]
[Site "Dieren"]
[Date "1998.??.??"]
[Round "9"]
[White "Odendahl, Reiner"]
[Black "De Saegher, Chris"]
[Result "1/2-1/2"]
[WhiteElo "2325"]
[BlackElo "2205"]

1.Nf3 Nf6 2.c4 g6 3.Nc3 Bg7 4.e4 d6 5.d4 O-O 6.Be2 e5 7.d5 a5 8.Bg5 h6 9.Bh4 Na6
10.Nd2 Qe8 11.a3 Bd7 12.b3 Nh7 13.Rb1 h5 14.f3 Bh6 15.Bf2 Qe7 16.b4 axb4
17.axb4 Qg5 18.Nf1 f5 19.h4 Qe7 20.Nd2 Rf7 21.Bd3 Qf8 22.Rb2 Bf4 23.Ke2 Nf6
24.Qb1 c5 25.dxc6  1/2-1/2

[Event "Dieren op"]
[Site "Dieren"]
[Date "1998.??.??"]
[Round "9"]
[White "Bosboom, Manuel"]
[Black "Remmel, Tim"]
[Result "0-1"]
[WhiteElo "2450"]
[BlackElo "2220"]

1.d4 Nf6 2.c4 g6 3.Nc3 Bg7 4.e4 d6 5.Be2 O-O 6.Nf3 e5 7.O-O Nh5 8.g3 Bh3
9.Re1 exd4 10.Nxd4 Nf6 11.Be3 Nc6 12.f3 Qd7 13.Qd2 Rfe8 14.Nd1 a6 15.Nf2 Nxd4
16.Bxd4 Be6 17.Rad1 Rab8 18.b3 b5 19.Qc3 Qe7 20.e5 c5 21.exf6 cxd4 22.Qxd4 Bxf6
23.Qxd6 Qa7 24.Kg2 Be5 25.Qd2 Rbc8 26.f4 Bg7 27.Bg4 bxc4 28.Bxe6 fxe6 29.bxc4 Rxc4
30.Qe2 Qb7+ 31.Ne4 Rb4 32.Kh3 e5 33.Nd6 Qd7+ 34.g4 Rf8 35.fxe5 Rxg4 36.e6 Qc6
37.e7 Rf3+ 38.Kxg4 h5+ 39.Kg5 Kh7 40.e8=Q Bf6+  0-1

[Event "Sparkasse op"]
[Site "Dortmund"]
[Date "1998.??.??"]
[Round "?"]
[White "Richter, Michael"]
[Black "Leitao, Rafael"]
[Result "1-0"]
[WhiteElo "2360"]
[BlackElo "2515"]

1.d4 Nf6 2.c4 g6 3.Nc3 Bg7 4.e4 d6 5.Nf3 O-O 6.Be2 e5 7.O-O Nh5 8.g3 Bh3
9.Re1 exd4 10.Nxd4 Nf6 11.Be3 Re8 12.Qd2 c6 13.f3 d5 14.cxd5 cxd5 15.Bb5 Nbd7
16.exd5 a6 17.Ba4 Re5 18.Bf2 Nxd5 19.Bb3 Nxc3 20.bxc3 Qf6 21.f4 Ree8 22.Bd5 Nc5
23.Nf3 Ne6 24.Ne5 Rad8 25.c4 g5 26.Rab1 gxf4 27.Rxb7 Ng5 28.gxf4 Rxe5 29.fxe5 Qg6
30.Kh1 Bg2+ 31.Kxg2 Ne4+ 32.Kh1 Nxd2 33.Rg1 Qf5 34.Bh4 Qxe5 35.Bxd8 Nxc4
36.Bxf7+ Kh8 37.Re7  1-0

[Event "Dos Hermanas op"]
[Site "Dos Hermanas"]
[Date "1998.??.??"]
[Round "9"]
[White "Cifuentes Parada, Roberto"]
[Black "Epishin, Vladimir"]
[Result "0-1"]
[WhiteElo "2535"]
[BlackElo "2590"]

1.d4 Nf6 2.c4 g6 3.Nc3 Bg7 4.e4 d6 5.Nf3 O-O 6.Be2 e5 7.O-O Nbd7 8.Be3 b6
9.dxe5 dxe5 10.b4 Qe7 11.Qb3 Bb7 12.Nd2 Rfd8 13.Rfc1 c5 14.a3 Qf8 15.Nd5 Rac8
16.Rc3 Kh8 17.Bg5 Bh6 18.h4 Rc6 19.Rd1 Bg7 20.Bf3 h6 21.Be3 h5 22.Nf1 Rcc8
23.Bg5 cxb4 24.axb4 Bxd5 25.cxd5 Rxc3 26.Qxc3 Rc8 27.Qb3 a5 28.d6 Ra8 29.bxa5 bxa5
30.Bc1 a4 31.Qb4 Qb8 32.Qa3 Qb5 33.Ne3 Rb8 34.Nd5 Nxd5 35.Rxd5 Qc4 36.Be3 Rb3
37.Qa2 Qb4 38.Rd1 a3 39.Bd2 Qa4 40.Qc2 a2 41.Kh2 Ra3 42.Qc8+ Kh7 43.Ra1 Qd4
44.Qc1 Rxf3 45.gxf3 Qxf2+ 46.Kh1 Qxf3+ 47.Kg1 Nf6 48.Rxa2 Nxe4 49.Be1 Nxd6  0-1

[Event "Dresden zt (Women)"]
[Site "Dresden"]
[Date "1998.??.??"]
[Round "2"]
[White "Janevska, Aleksandra"]
[Black "Schmid, Shahanah"]
[Result "1/2-1/2"]
[WhiteElo "2015"]
[BlackElo "2130"]

1.d4 Nf6 2.c4 g6 3.Nc3 Bg7 4.e4 d6 5.Nf3 O-O 6.Be2 e5 7.d5 a5 8.Nd2 Na6 9.h4 c6
10.h5 Re8 11.g4 Nc5 12.f3 Nfd7 13.Nf1 cxd5 14.cxd5 f5 15.hxg6 hxg6 16.gxf5 gxf5
17.Be3 f4 18.Bf2 b6 19.Nd2 Kf7 20.Nc4 Nf6 21.Nb5 Bf8 22.Kd2 Ba6 23.Nca3 Be7  1/2-1/2

[Event "Dresden zt"]
[Site "Dresden"]
[Date "1998.??.??"]
[Round "2"]
[White "Huzman, Alexander"]
[Black "Stanec, Nikolaus"]
[Result "1/2-1/2"]
[WhiteElo "2610"]
[BlackElo "2485"]

1.d4 Nf6 2.c4 g6 3.Nc3 Bg7 4.e4 d6 5.Be2 O-O 6.Nf3 e5 7.Be3 exd4 8.Nxd4 Re8
9.f3 Nh5 10.Qd2 Nc6 11.O-O Nf4 12.Rf2 Nxd4 13.Bxd4 Be5 14.Bf1 Qg5 15.g3 Bxd4
16.Qxd4 Ne6 17.Qd1 Qd8 18.Qd2 Bd7 19.Rd1 Bc6 20.b4 b6 21.Nd5 Nf8 22.Qc3 Nd7
23.Bh3 Bxd5 24.cxd5 a5 25.a3 Ra7 26.Bf1 axb4 27.axb4 Qf6 28.Rc1 Qxc3 29.Rxc3 Re7
30.Rfc2 Nf6 31.Bh3 Ne8 32.Kf2 Ra1 33.Bf1 Ra7 34.h4 h6 35.Bc4 Nf6 36.Rc1 Ra4
37.Bf1  1/2-1/2

[Event "Dresden zt (Women)"]
[Site "Dresden"]
[Date "1998.??.??"]
[Round "5"]
[White "Olbrich, Marina"]
[Black "Mihevc, Narcisa"]
[Result "1/2-1/2"]
[WhiteElo "2330"]
[BlackElo "2205"]

1.d4 Nf6 2.Nf3 g6 3.c4 Bg7 4.Nc3 O-O 5.e4 d6 6.Be2 e5 7.d5 a5 8.h3 Na6 9.Bg5 Nc5
10.Nd2 c6 11.g4 a4 12.b4 axb3 13.axb3 Rxa1 14.Qxa1 Qb6 15.O-O h5 16.b4 Ncd7
17.Be3 Qd8 18.Kg2 hxg4 19.hxg4 Nh7 20.Rh1 f5 21.gxf5 gxf5 22.exf5 Ndf6 23.Qb1 cxd5
24.cxd5 e4 25.Ncxe4 Bxf5 26.Nxf6+ Qxf6 27.Qa2  1/2-1/2

[Event "Dresden zt"]
[Site "Dresden"]
[Date "1998.??.??"]
[Round "5"]
[White "Uhlmann, Wolfgang"]
[Black "Burovic, Ismet"]
[Result "0-1"]
[WhiteElo "2495"]
[BlackElo "2295"]

1.c4 e5 2.Nc3 d6 3.Nf3 Nf6 4.d4 Nbd7 5.e4 g6 6.Be2 Bg7 7.O-O O-O 8.Be3 c6
9.Qc2 exd4 10.Nxd4 Nc5 11.Rad1 Qe7 12.f3 a5 13.Rfe1 Nh5 14.Bf1 Be5 15.g3 Ng7
16.Bg2 f5 17.f4 Bf6 18.Bf2 fxe4 19.Nxe4 Nxe4 20.Bxe4 Qc7 21.Bg2 a4 22.h3 Bd7
23.Re2 Rfe8 24.Rxe8+ Bxe8 25.g4 Bf7 26.Ne2 Re8 27.Bf3 Ne6 28.Qxa4 Bxb2 29.Qb4 Bg7
30.Bb6 Qb8 31.Qxd6 Qa8 32.Qd2 Qa6 33.c5 Qa3 34.Qd3 Qxa2 35.h4 Qa4 36.Qd2 Qc4
37.Qd3 Qa4 38.Qd2 Bh6 39.g5 Bf8 40.Rc1 Qb3 41.Rc3 Qb1+ 42.Qc1 Qf5 43.Kg2 Ra8
44.Kg3 Ng7 45.Bg4 Qd5 46.Qe3 Nf5+ 47.Bxf5 Qxf5 48.Qd3 Qe6 49.Qe3 Qa2 50.Bc7 Qb2
51.Bd6 Re8 52.Be5 Bd5 53.Kf2 Qb1 54.Rc1 Qf5 55.Nc3 Bg7 56.Nxd5 cxd5 57.Kg2 Bxe5
58.fxe5 Rxe5 59.Qf3 Qe6 60.Rf1 Rf5 61.Qd3 Rxf1 62.Kxf1 Qf5+ 63.Ke2 Qxd3+
64.Kxd3 Kf7 65.Ke3 Ke7 66.Kd3 Kd7 67.Kc3 Kc7 68.Kd3 b5  0-1

[Event "Dresden zt"]
[Site "Dresden"]
[Date "1998.??.??"]
[Round "6"]
[White "Pelletier, Yannick"]
[Black "Mohr, Georg"]
[Result "0-1"]
[WhiteElo "2515"]
[BlackElo "2455"]

1.d4 Nf6 2.Nf3 g6 3.c4 Bg7 4.Nc3 O-O 5.e4 d6 6.Be2 e5 7.O-O Nh5 8.Bg5 f6
9.Be3 Nf4 10.c5 Nxe2+ 11.Qxe2 exd4 12.Nxd4 dxc5 13.Qc4+ Kh8 14.Qxc5 Nd7 15.Qb5 c6
16.Qb3 Ne5 17.h3 Qe7 18.f4 Nf7 19.Rad1 Nd8 20.Qc4 Bd7 21.a4 Be8 22.Nf3 Bf7
23.Qc5 Qxc5 24.Bxc5 Re8 25.f5 b6 26.Bf2 c5 27.Rd6 Kg8 28.Bh4 Bc4 29.Rfd1 Bb3
30.R1d2 Nf7 31.Rc6 gxf5 32.exf5 Bh6 33.Rd7 Be3+ 34.Kh1 Ng5 35.Rcc7 Bf4 36.Rb7 Rad8
37.Rg7+ Kf8 38.Bxg5 fxg5 39.Rxh7 Rd6 40.Rbd7 Rxd7 41.Rxd7 Bc1 42.Nd5 Bxb2
43.Nxg5 Re1+ 44.Kh2 Ke8  0-1

[Event "Dresden zt"]
[Site "Dresden"]
[Date "1998.??.??"]
[Round "8"]
[White "Huzman, Alexander"]
[Black "Nedev, Trajce"]
[Result "1-0"]
[WhiteElo "2610"]
[BlackElo "2405"]

1.d4 Nf6 2.Nf3 g6 3.c4 Bg7 4.Nc3 O-O 5.e4 d6 6.Be2 e5 7.Be3 exd4 8.Nxd4 Nc6
9.O-O Re8 10.f3 Nh5 11.Qd2 f5 12.f4 Nf6 13.exf5 Qe7 14.Bf2 Nxd4 15.Bxd4 Ne4
16.Nxe4 Qxe4 17.f6 Bxf6 18.Bxf6 Qxe2 19.Qd5+ Be6 20.Qxb7 Qe3+ 21.Kh1 Qb6
22.Qf3 Bxc4 23.f5 Qb5 24.fxg6 Bxf1 25.gxh7+ Kxh7 26.Rxf1 Re3 27.Qf2 Rae8
28.Qh4+ Kg6 29.Qg4+ Kf7 30.Kg1 R8e4 31.Qg7+ Ke8 32.Bg5 Re7 33.Bxe7 Rxe7 34.Qf6 Kd7
35.Qf5+ Qxf5 36.Rxf5 Re2 37.b3 Rxa2 38.h4 Ke6 39.Rf3 d5 40.h5  1-0

[Event "Dresden zt"]
[Site "Dresden"]
[Date "1998.??.??"]
[Round "9"]
[White "Baumegger, Siegfried"]
[Black "Nedev, Trajce"]
[Result "0-1"]
[WhiteElo "2495"]
[BlackElo "2405"]

1.Nf3 Nf6 2.c4 g6 3.Nc3 Bg7 4.e4 O-O 5.d4 d6 6.Be2 e5 7.d5 a5 8.Bg5 h6 9.Bh4 Na6
10.Nd2 Bd7 11.O-O Nc5 12.Nb3 Na4 13.Nxa4 Bxa4 14.Qd3 Bd7 15.Nd2 b6 16.h3 Qc8
17.b3 Nh7 18.Qc2 f5 19.exf5 gxf5 20.Rad1 Qe8 21.Nb1 Qg6 22.Kh1 Bf6 23.Bxf6 Qxf6
24.f4 Rae8 25.fxe5 dxe5 26.c5 Qh4 27.c6 Bc8 28.d6 cxd6 29.Rxd6 e4 30.Bc4+ Kg7
31.Qc3+ Rf6 32.Rxf6 Nxf6 33.Qe1 Qg5 34.Nc3 f4 35.Rg1 e3 36.Qa1 Kh7 37.Bd3+ Bf5
38.Qb1 Bxd3 39.Qxd3+ Kg7 40.c7 Qc5 41.Qc4 Qxc4 42.bxc4 Rc8 43.Nb5 Ne8 44.Rf1 Nxc7
45.Nxc7 Rxc7 46.Rxf4 Re7 47.Rf1 Re4 48.Rc1 Kf6 49.Kg1 Ke5 50.Kf1 Rf4+ 51.Ke2 Ke4
52.Rb1 Rf2+ 53.Ke1 Rxa2 54.Rxb6 Rxg2 55.Rxh6 a4 56.Ra6 Kd3 57.Rd6+ Kxc4 58.Ra6 Kb4  0-1

[Event "Dresden zt"]
[Site "Dresden"]
[Date "1998.??.??"]
[Round "10"]
[White "Jelen, Igor"]
[Black "Mohr, Georg"]
[Result "1/2-1/2"]
[WhiteElo "2430"]
[BlackElo "2455"]

1.d4 Nf6 2.c4 g6 3.Nc3 Bg7 4.e4 d6 5.Nf3 O-O 6.Be2 e5 7.O-O exd4 8.Nxd4 Nc6
9.Nxc6 bxc6 10.Bg5 h6  1/2-1/2

[Event "IRL-ch"]
[Site "Dublin"]
[Date "1998.??.??"]
[Round "9"]
[White "O'Connell, Gerard"]
[Black "Heidenfeld, Mark"]
[Result "0-1"]
[WhiteElo "2180"]
[BlackElo "2335"]

1.d4 Nf6 2.c4 d6 3.Nc3 g6 4.e4 Bg7 5.Nf3 O-O 6.Be2 e5 7.O-O exd4 8.Nxd4 Nc6
9.Be3 Re8 10.f3 Nh5 11.f4 Nf6 12.Nxc6 bxc6 13.Qd3 Nxe4 14.Bf3 Nxc3 15.bxc3 Bf5
16.Qd2 Be4 17.c5 Qe7 18.Bxe4 Qxe4 19.Rae1 Qc4 20.cxd6 Bxc3 21.Qc2 cxd6 22.Bf2 d5
23.Rc1 d4 24.Rfe1 Qd5 25.Red1 Re4 26.Qa4 Qe6 27.f5 gxf5 28.Rd3 Rg4 29.h3 Rg6
30.Kh2 c5 31.Rf3 Kh8 32.Qc2 Rag8 33.g3 Rf6 34.Rxc3 dxc3 35.Qxc3 Rd8 36.Bxc5 Kg8
37.Rc2 Rc8 38.Qd4 Qe4 39.Qf2 Re6 40.Rd2 f4 41.Bxa7 fxg3+ 42.Qxg3+ Rg6 43.Qe3 Qc6
44.Qe7 Re8 45.Qc5 Qb7 46.Qf2 Qc7+ 47.Kh1 Rg3 48.Qxg3+ Qxg3 49.Rg2 Re1+ 50.Bg1 Qg6
51.Kh2 Rc1 52.Rxg6+ hxg6 53.Bd4 Rc2+ 54.Kg3 Rxa2 55.h4 Ra3+ 56.Kf4 Ra4 57.Ke5 Kh7
58.Bf2 Kh6 59.Be3+ Kh5 60.Kf6 Kxh4 61.Kxf7 g5 62.Bf2+ Kh3  0-1

[Event "Centrocoop June op-A"]
[Site "Eforie Nord "]
[Date "1998.??.??"]
[Round "?"]
[White "Diulger, Alexey"]
[Black "Lokchin, Anatoli"]
[Result "1-0"]
[WhiteElo "2180"]
[BlackElo "2000"]

1.d4 Nf6 2.Nf3 g6 3.c4 Bg7 4.Nc3 O-O 5.e4 d6 6.Be2 e5 7.d5 Nbd7 8.Bg5 h6
9.Bh4 g5 10.Bg3 Nc5 11.Nd2 a5 12.O-O Bd7 13.b3 Nfxe4 14.Ncxe4 Nxe4 15.Nxe4 f5
16.Nd2 f4 17.Ne4 Qe7 18.Bg4 fxg3 19.hxg3 b6 20.Qe2 Bxg4 21.Qxg4 Rf7 22.f3 Qd7
23.Qxd7 Rxd7 24.g4 Rf7 25.Kf2 Bf8 26.Rh1 Kg7 27.Ke3 Kg6 28.Rab1 Rd7 29.Ke2 Bg7
30.Kd3 Rdd8 31.Rbd1 Bf8 32.Kc2 Bg7 33.Kb1 Re8 34.Kb2 Kf7 35.Ka3 Bf8 36.Ka4 Ra7
37.Rhe1 Raa8 38.Nc3 Ke7 39.Kb5 Kd7 40.Re4 Bg7 41.Rh1 Rf8 42.Ne2 a4 43.b4 Ra7
44.Ng3 Rfa8 45.Nf5 Bf8 46.Nxh6 c6+ 47.dxc6+ Ke7 48.Ree1  1-0